<?xml version="1.0" encoding="UTF-8"?>
<collection xmlns="http://www.loc.gov/MARC21/slim">
  <record>
    <leader>00000nam  2200000   4500</leader>
    <datafield tag="247" ind1="#" ind2="#">
      <subfield code="a"/>
    </datafield>
    <datafield tag="856" ind1="#" ind2="#">
      <subfield code="a"/>
    </datafield>
    <datafield tag="700" ind1=" " ind2="#">
      <subfield code="a"/>
    </datafield>
    <datafield tag="650" ind1=" " ind2="#">
      <subfield code="a">Peran KORPS BRIMOB</subfield>
    </datafield>
    <datafield tag="520" ind1=" " ind2="#">
      <subfield code="a">Proper merupakan sebuah terobosan pada POLDA NTT, sebagai perwujudan dalam permasalahan sosial dan peningkatan ekonomi masyarakat menjadi salah satu garda terdepan dalam mengatasi permasalahan di masyarakat. Pada proper ini, penyusunan fokus pada permasalahan masyarakat di bidang sosial dan ekonomi masyarakat NTT. Karena secara nasional wilayah NTT merupakan salah satu daerah yang dihadapkan pada kekeringan dan berdampak pada kekurangan sumber air. Kekeringan di NTT nampaknya juga berdampak pada tingkat perekonomian di wilayah tersebut secara yang sekaligus juga berdampak pada meningkatnya angka kemiskinan.</subfield>
    </datafield>
    <datafield tag="321" ind1="#" ind2="#">
      <subfield code="a"/>
    </datafield>
    <datafield tag="310" ind1="#" ind2="#">
      <subfield code="a"/>
    </datafield>
    <datafield tag="300" ind1="#" ind2="#">
      <subfield code="a">58 hlm. :</subfield>
      <subfield code="b">ill. ;</subfield>
      <subfield code="c">30 cm</subfield>
      <subfield code="e"/>
    </datafield>
    <datafield tag="260" ind1="#" ind2="#">
      <subfield code="a">Jakarta :</subfield>
      <subfield code="b">Pusbangkom Pimnas dan Manajerial ASN. ;</subfield>
      <subfield code="c">2024</subfield>
    </datafield>
    <controlfield tag="001">$a INLIS000000000020857</controlfield>
    <datafield tag="245" ind1="#" ind2="#">
      <subfield code="a">Peran KORPS BRIMOB POLRI Dalam Membantu Pemerintah Mengatasi Perasalahan Sosial dan Perekonomian Masyarakat</subfield>
      <subfield code="b"/>
      <subfield code="c">Ferry Raimond Ukoli</subfield>
    </datafield>
    <datafield tag="100" ind1=" " ind2="#">
      <subfield code="a">Ferry Raimond Ukoli</subfield>
    </datafield>
    <datafield tag="084" ind1="#" ind2="#">
      <subfield code="a">R 0071 PKN I 2024</subfield>
    </datafield>
    <datafield tag="082" ind1="#" ind2="#">
      <subfield code="a"/>
    </datafield>
    <datafield tag="035" ind1="#" ind2="#">
      <subfield code="a">0010-0426000014</subfield>
    </datafield>
    <datafield tag="020" ind1="#" ind2="#">
      <subfield code="a"/>
    </datafield>
    <controlfield tag="008">$a 260414################g##########0#ind##</controlfield>
    <controlfield tag="005">$a 20260414145043</controlfield>
  </record>
</collection>
